000 00710nas a2200229 4500
001 BR0900342
003 BR-BrBNA
005 20231205113044.0
007 ta
008 230509b bl.|||p| |||| 00| 00por d
040 _aBR-BrBNA
_bpor
_cBiblioteca Nacional de Agricultura
041 _a(Pt)
072 _aH10
100 1 _aFernandes, R.S.
100 1 _aAsmus, G.L.
245 1 _aReação de Pinhão Manso (Jatropha curcas L.)a Meloidogyne javanica e Rotylenchulus reniformis.
650 _aPINHA
650 _aPRAGA DE PLANTA
773 0 _tNematologia Brasileira (Brazil)
_xISSN 0102-2997
_g(Aug 2007), v. 31(2) p. 96-99
_wBR0900342
909 _a202311
_bLúcia
_c55
_dLúcia Elande
942 _2AGRIS
_n0
_cANA
999 _c201577
_d201577